[Event "Nova Resende"]
[Site "Nova Resende"]
[Date "2009.10.??"]
[Round "2"]
[White "Brito, Luismar Jorge"]
[Black "Barbosa, Evandro Amorim"]
[Result "1/2-1/2"]
[WhiteElo "2327"]
[BlackElo "2220"]
[PlyCount "79"]
[EventDate "2009.10.??"]
[EventType "tourn"]
[EventRounds "11"]
[EventCountry "BRA"]
[EventCategory "2"]
[SourceTitle "EXT 2011"]
[Source "ChessBase"]
[SourceDate "2010.11.26"]
[SourceVersion "1"]
[SourceVersionDate "2010.11.26"]
[SourceQuality "1"]

1. e4 c5 2. Nf3 Nc6 3. Nc3 Nf6 4. d4 cxd4 5. Nxd4 e5 6. Ndb5 d6 7. Bg5 a6 8.
Bxf6 gxf6 9. Na3 b5 10. Nd5 Bg7 11. c3 f5 12. exf5 Bxf5 13. Nc2 O-O 14. Nce3
Be6 15. g4 b4 16. Bg2 bxc3 17. bxc3 Rc8 18. Be4 Ne7 19. Nxe7+ Qxe7 20. Qd3 Qh4
21. c4 Kh8 22. h3 Qd8 23. O-O Bh6 24. Nd5 Qh4 25. Rfe1 Bg5 26. Re2 Rg8 27. Rb1
Rg7 28. Rb3 h5 29. Bf5 Rcg8 30. Qf3 Bh6 31. Bxe6 fxe6 32. Qf6 Bg5 33. Qxe6 hxg4
34. Re4 Bf4 35. Kf1 g3 36. fxg3 Rxg3 37. Rxg3 Qxg3 38. Qf6+ Rg7 39. Qf8+ Rg8
40. Qf6+ 1/2-1/2

[Event "Nova Resende"]
[Site "Nova Resende"]
[Date "2009.10.??"]
[Round "3"]
[White "Barbosa, Evandro Amorim"]
[Black "Rodi, Luis Ernesto"]
[Result "1/2-1/2"]
[WhiteElo "2220"]
[BlackElo "2357"]
[PlyCount "124"]
[EventDate "2009.10.??"]
[EventType "tourn"]
[EventRounds "11"]
[EventCountry "BRA"]
[EventCategory "2"]
[SourceTitle "EXT 2011"]
[Source "ChessBase"]
[SourceDate "2010.11.26"]
[SourceVersion "1"]
[SourceVersionDate "2010.11.26"]
[SourceQuality "1"]

1. e4 e5 2. Nf3 Nc6 3. Bb5 a6 4. Ba4 Nf6 5. O-O b5 6. Bb3 Be7 7. Re1 d6 8. c3
O-O 9. h3 Na5 10. Bc2 c5 11. d4 Qc7 12. Nbd2 Nc6 13. d5 Nd8 14. a4 Rb8 15. axb5
axb5 16. b4 Bd7 17. bxc5 Qxc5 18. Re3 Qc7 19. Ba3 Re8 20. Bb4 Nb7 21. Nb3 Bf8
22. Ra3 Nc5 23. Qa1 Qb7 24. Ra7 Nxb3 25. Bxb3 Ra8 26. Rxb7 Rxa1+ 27. Re1 Rea8
28. Bc2 R1a7 29. Rxa7 Rxa7 30. Bd3 Nh5 31. Nd2 g6 32. Nb3 f5 33. Na5 fxe4 34.
Bxe4 Bf5 35. Bf3 Nf6 36. Rd1 Bc2 37. Rd2 Be4 38. Bxe4 Nxe4 39. Rd1 Rc7 40. Nc6
Nf6 41. Nd8 Be7 42. Ne6 Rc4 43. Ba5 h6 44. Rb1 Kf7 45. Rxb5 Nxd5 46. Rxd5 Kxe6
47. Rb5 e4 48. Bb4 Rc6 49. Ra5 Bf6 50. Ra3 Kd5 51. Kf1 Kc4 52. Ke2 Rb6 53. Ra1
Kb3 54. Ra3+ Kb2 55. Ra5 Bxc3 56. Bxc3+ Kxc3 57. Ke3 Kc4 58. Kxe4 Rb2 59. Ke3
Rb3+ 60. Ke4 Rb8 61. Ra4+ Kc5 62. Ra5+ Kb6 1/2-1/2

[Event "Nova Resende"]
[Site "Nova Resende"]
[Date "2009.10.??"]
[Round "4"]
[White "Cominato Neto, Jose Luis"]
[Black "Barbosa, Evandro Amorim"]
[Result "1/2-1/2"]
[WhiteElo "2168"]
[BlackElo "2220"]
[PlyCount "85"]
[EventDate "2009.10.??"]
[EventType "tourn"]
[EventRounds "11"]
[EventCountry "BRA"]
[EventCategory "2"]
[SourceTitle "EXT 2011"]
[Source "ChessBase"]
[SourceDate "2010.11.26"]
[SourceVersion "1"]
[SourceVersionDate "2010.11.26"]
[SourceQuality "1"]

1. e4 c5 2. Nf3 e6 3. d4 cxd4 4. Nxd4 Nc6 5. Nxc6 bxc6 6. Bd3 Nf6 7. O-O d5 8.
Nd2 Be7 9. Re1 O-O 10. c4 a5 11. Qc2 g6 12. b3 a4 13. Rb1 Ba6 14. Bb2 a3 15.
Bxf6 Bxf6 16. cxd5 cxd5 17. Bxa6 Rxa6 18. e5 Be7 19. Qd3 Rb6 20. Nf3 Qd7 21.
Qe3 Rb4 22. Rbc1 Re4 23. Qd3 Rc8 24. Red1 Rb4 25. Qa6 Rbb8 26. Qa5 Bb4 27. Qa6
Rc7 28. Nd4 Rbc8 29. Rxc7 Qxc7 30. Qb5 Bc3 31. Rc1 Qxe5 32. Nc6 Qf6 33. Qc5
Rxc6 34. Qxc6 Bd2 35. Rb1 Kg7 36. Qa4 Bc3 37. Qxa3 d4 38. b4 d3 39. Qc1 d2 40.
Qd1 Qd4 41. b5 Ba5 42. Qe2 e5 43. Rd1 1/2-1/2

[Event "Nova Resende"]
[Site "Nova Resende"]
[Date "2009.10.??"]
[Round "5"]
[White "Barbosa, Evandro Amorim"]
[Black "Lebredo Zarragoitia, Gerardo"]
[Result "0-1"]
[WhiteElo "2220"]
[BlackElo "2250"]
[PlyCount "74"]
[EventDate "2009.10.??"]
[EventType "tourn"]
[EventRounds "11"]
[EventCountry "BRA"]
[EventCategory "2"]
[SourceTitle "EXT 2011"]
[Source "ChessBase"]
[SourceDate "2010.11.26"]
[SourceVersion "1"]
[SourceVersionDate "2010.11.26"]
[SourceQuality "1"]

1. e4 e6 2. d4 d5 3. Nc3 Bb4 4. e5 Ne7 5. a3 Bxc3+ 6. bxc3 b6 7. Qg4 Nf5 8. Bd3
h5 9. Qf4 Qd7 10. a4 Ba6 11. Ne2 Bxd3 12. cxd3 Nc6 13. Qf3 O-O-O 14. O-O Rdg8
15. Ng3 g5 16. Nxf5 exf5 17. Bb2 h4 18. c4 g4 19. Qe3 Nd8 20. a5 Ne6 21. axb6
axb6 22. Ra7 Qc6 23. c5 Kd7 24. Rc1 h3 25. g3 bxc5 26. Ba3 c4 27. Bc5 Ra8 28.
Rxa8 Rxa8 29. Rd1 c3 30. Rc1 Nxc5 31. dxc5 d4 32. Qxd4+ Ke7 33. f3 Qxf3 34. Qf2
Qxf2+ 35. Kxf2 Ra2+ 36. Ke3 Rxh2 37. Rxc3 Rg2 0-1

[Event "Nova Resende"]
[Site "Nova Resende"]
[Date "2009.10.??"]
[Round "6"]
[White "Barbosa, Evandro Amorim"]
[Black "Perdomo, Leandro Daniel"]
[Result "1/2-1/2"]
[WhiteElo "2220"]
[BlackElo "2387"]
[PlyCount "61"]
[EventDate "2009.10.??"]
[EventType "tourn"]
[EventRounds "11"]
[EventCountry "BRA"]
[EventCategory "2"]
[SourceTitle "EXT 2011"]
[Source "ChessBase"]
[SourceDate "2010.11.26"]
[SourceVersion "1"]
[SourceVersionDate "2010.11.26"]
[SourceQuality "1"]

1. d4 Nf6 2. c4 g6 3. Nc3 Bg7 4. e4 d6 5. f3 O-O 6. Be3 c5 7. Nge2 Nc6 8. d5
Ne5 9. Ng3 e6 10. Be2 exd5 11. cxd5 a6 12. a4 h5 13. O-O Nh7 14. Qd2 h4 15. Nh1
f5 16. Nf2 Re8 17. f4 Nf7 18. Bd3 Rb8 19. a5 Nf6 20. Kh1 Bd7 21. Rfe1 b5 22.
axb6 Qxb6 23. e5 dxe5 24. b4 exf4 25. Bxc5 Qc7 26. d6 Qb7 27. Bc4 Rxe1+ 28.
Rxe1 Re8 29. Rxe8+ Bxe8 30. Qxf4 Bc6 31. Qg5 1/2-1/2

[Event "Nova Resende"]
[Site "Nova Resende"]
[Date "2009.10.??"]
[Round "7"]
[White "Barbosa, Evandro Amorim"]
[Black "Saldano Dayer, Horacio"]
[Result "1-0"]
[WhiteElo "2220"]
[BlackElo "2450"]
[PlyCount "77"]
[EventDate "2009.10.??"]
[EventType "tourn"]
[EventRounds "11"]
[EventCountry "BRA"]
[EventCategory "2"]
[SourceTitle "EXT 2011"]
[Source "ChessBase"]
[SourceDate "2010.11.26"]
[SourceVersion "1"]
[SourceVersionDate "2010.11.26"]
[SourceQuality "1"]

1. e4 c5 2. Nf3 e6 3. d4 cxd4 4. Nxd4 a6 5. Bd3 Nf6 6. O-O Qc7 7. Qe2 d6 8. c4
g6 9. Nc3 Bg7 10. Rd1 O-O 11. Nf3 Nc6 12. Bf4 e5 13. Be3 Bg4 14. Rac1 Nd4 15.
Bxd4 exd4 16. Nd5 Nxd5 17. cxd5 Qb6 18. Rc2 Rfc8 19. Rdc1 Rxc2 20. Rxc2 Qa5 21.
a3 Qb6 22. h3 Bxf3 23. Qxf3 Qb3 24. Rc7 Rf8 25. Qe2 Qb6 26. Qc2 Rd8 27. g3 h5
28. h4 Be5 29. Kg2 Kf8 30. b4 Kg8 31. Qc4 Rb8 32. f4 Bg7 33. e5 dxe5 34. d6 Rf8
35. Qd5 exf4 36. gxf4 Kh8 37. f5 f6 38. fxg6 f5 39. Qf3 1-0

[Event "Paulista-ch final"]
[Site "Itapetininga"]
[Date "2009.10.02"]
[Round "1"]
[White "Araujo, Beatriz Moraes"]
[Black "Barbosa, Evandro Amorim"]
[Result "0-1"]
[WhiteElo "1897"]
[BlackElo "2293"]
[PlyCount "42"]
[EventDate "2009.10.02"]
[EventType "swiss"]
[EventRounds "6"]
[EventCountry "BRA"]
[SourceTitle "CBM 132 Extra"]
[Source "ChessBase"]
[SourceDate "2009.11.03"]
[SourceVersion "1"]
[SourceVersionDate "2009.11.03"]
[SourceQuality "1"]

1. e4 c5 2. c3 Nf6 3. e5 Nd5 4. d4 cxd4 5. cxd4 e6 6. Nf3 d6 7. Bc4 Nc6 8. O-O
Be7 9. Re1 O-O 10. exd6 Qxd6 11. Nc3 Nxc3 12. bxc3 b6 13. Ne5 Nxe5 14. Rxe5 Bb7
15. Qg4 Bf6 16. Re3 Rac8 17. Bb3 e5 18. a4 exd4 19. Ba3 Qc6 20. Rf3 Rfe8 21.
cxd4 Qc1+ 0-1

[Event "Paulista-ch final"]
[Site "Itapetininga"]
[Date "2009.10.03"]
[Round "3"]
[White "Barbosa, Evandro Amorim"]
[Black "Milos, Gilberto"]
[Result "0-1"]
[WhiteElo "2293"]
[BlackElo "2603"]
[PlyCount "76"]
[EventDate "2009.10.02"]
[EventType "swiss"]
[EventRounds "6"]
[EventCountry "BRA"]
[SourceTitle "CBM 132 Extra"]
[Source "ChessBase"]
[SourceDate "2009.11.03"]
[SourceVersion "1"]
[SourceVersionDate "2009.11.03"]
[SourceQuality "1"]

1. e4 e5 2. Nf3 Nc6 3. Bb5 a6 4. Ba4 Nf6 5. O-O Nxe4 6. d4 b5 7. Bb3 d5 8. dxe5
Be6 9. Nbd2 Bc5 10. Qe2 Nxd2 11. Bxd2 O-O 12. Rad1 Re8 13. Bg5 Be7 14. Be3 Na5
15. Qd2 Nxb3 16. axb3 c5 17. b4 cxb4 18. Nd4 Qc8 19. f4 Bc5 20. Rf2 Bxd4 21.
Qxd4 a5 22. Rdf1 Bf5 23. Qxd5 Qa6 24. Qf3 Rac8 25. Qh5 Qe6 26. Qe2 Qc6 27. Qh5
Qe4 28. Bb6 a4 29. Re2 Qc4 30. Ref2 Bxc2 31. Qh3 Qe6 32. Qe3 Bf5 33. h3 h5 34.
Bd4 h4 35. Rd2 Red8 36. Qf2 Qc4 37. Be3 Rxd2 38. Qxd2 a3 0-1

[Event "Paulista-ch final"]
[Site "Itapetininga"]
[Date "2009.10.03"]
[Round "4"]
[White "Horta, Marcio Rodrigues"]
[Black "Barbosa, Evandro Amorim"]
[Result "0-1"]
[WhiteElo "1896"]
[BlackElo "2293"]
[PlyCount "97"]
[EventDate "2009.10.02"]
[EventType "swiss"]
[EventRounds "6"]
[EventCountry "BRA"]
[SourceTitle "CBM 132 Extra"]
[Source "ChessBase"]
[SourceDate "2009.11.03"]
[SourceVersion "1"]
[SourceVersionDate "2009.11.03"]
[SourceQuality "1"]

1. e4 c5 2. c3 Nf6 3. e5 Nd5 4. d4 cxd4 5. Nf3 e6 6. cxd4 d6 7. Bc4 Nc6 8. O-O
Be7 9. Bd2 O-O 10. Nc3 dxe5 11. dxe5 Ndb4 12. Bf4 Qb6 13. a3 Rd8 14. Qe2 Nd5
15. Nxd5 exd5 16. Bd3 Bg4 17. Bb1 g6 18. Rd1 Bc5 19. b4 Bd4 20. Ra2 Bxf3 21.
Qxf3 Bxe5 22. Rad2 Bxf4 23. Qxf4 Ne7 24. Ba2 a5 25. Bb3 axb4 26. axb4 Rd7 27.
g4 Rad8 28. Rd3 Qd6 29. Qh6 Qf6 30. f4 Qg7 31. Qh3 Rd6 32. Qe3 Re6 33. Qf2 Red6
34. Qe3 Qf6 35. Kg2 d4 36. Qe4 Nd5 37. Bxd5 Rxd5 38. Kg3 Qb6 39. Rb1 Qb5 40.
Rbb3 Re8 41. Qf3 Qc4 42. Qf2 Re1 43. Qb2 Rb5 44. h4 h5 45. gxh5 Rxh5 46. Qg2
Qe6 47. Qf2 Qf6 48. Kh3 Kg7 49. Rg3 0-1

[Event "Paulista-ch final"]
[Site "Itapetininga"]
[Date "2009.10.04"]
[Round "6"]
[White "Abdalla, Luiz Guilherme"]
[Black "Barbosa, Evandro Amorim"]
[Result "1/2-1/2"]
[WhiteElo "2096"]
[BlackElo "2293"]
[PlyCount "79"]
[EventDate "2009.10.02"]
[EventType "swiss"]
[EventRounds "6"]
[EventCountry "BRA"]
[SourceTitle "CBM 132 Extra"]
[Source "ChessBase"]
[SourceDate "2009.11.03"]
[SourceVersion "1"]
[SourceVersionDate "2009.11.03"]
[SourceQuality "1"]

1. d4 Nf6 2. c4 g6 3. Nc3 d5 4. Nf3 Bg7 5. Bg5 Ne4 6. cxd5 Nxg5 7. Nxg5 e6 8.
Nf3 exd5 9. e3 a5 10. Bd3 O-O 11. O-O Re8 12. Rc1 c6 13. Na4 Nd7 14. Nd2 Bf8
15. Nc5 Nf6 16. Qb3 Rb8 17. Na6 Ra8 18. Nc5 Qc7 19. Rfe1 Bd6 20. g3 Rb8 21. a3
b6 22. Na4 c5 23. dxc5 bxc5 24. Qc2 c4 25. b3 Bxa3 26. Ra1 Bb4 27. bxc4 dxc4
28. Rec1 Bb7 29. Qxc4 Qd7 30. Nb3 Bd5 31. Nbc5 Qh3 32. Bf1 Qh5 33. Qf4 Kg7 34.
Bg2 Bd2 35. Rcb1 Rbd8 36. Rb6 Qe5 37. Qxe5 Rxe5 38. Rd1 Bxg2 39. Kxg2 Red5 40.
e4 1/2-1/2

[Event "Petrolina op"]
[Site "Petrolina"]
[Date "2009.10.10"]
[Round "4"]
[White "Paixao, Irineu Vieira"]
[Black "Barbosa, Eugenio Seve de Me"]
[Result "1/2-1/2"]
[WhiteElo "1679"]
[BlackElo "2118"]
[PlyCount "73"]
[EventDate "2009.10.09"]
[EventType "swiss"]
[EventRounds "7"]
[EventCountry "BRA"]
[SourceTitle "EXT 2010"]
[Source "ChessBase"]
[SourceDate "2010.11.25"]
[SourceVersion "1"]
[SourceVersionDate "2010.11.25"]
[SourceQuality "1"]

1. d4 Nf6 2. Nf3 g6 3. e3 d5 4. Bd3 Bg7 5. O-O O-O 6. Nbd2 Nbd7 7. b3 c5 8. Bb2
cxd4 9. exd4 b6 10. Qe2 e6 11. Ng5 Nb8 12. Rac1 Nc6 13. a3 Nh5 14. Qe3 Bb7 15.
Ngf3 Qf6 16. g3 Qd8 17. Rfe1 Nf6 18. h3 Re8 19. Ne5 Nxe5 20. dxe5 Nd7 21. b4
Rc8 22. Nf3 Qe7 23. Nh2 a5 24. Qd2 axb4 25. axb4 Bf8 26. c3 d4 27. Bb5 dxc3 28.
Bxc3 Red8 29. Qe3 Bc6 30. Bf1 Bg7 31. Ng4 h5 32. Nh2 Bd5 33. Nf3 Bxf3 34. Qxf3
Qg5 35. Rcd1 Nxe5 36. Rxd8+ Rxd8 37. Qe4 1/2-1/2

[Event "Petrolina op"]
[Site "Petrolina"]
[Date "2009.10.11"]
[Round "6"]
[White "Luz, Edmundo Reis"]
[Black "Barbosa, Eugenio Seve de Me"]
[Result "0-1"]
[WhiteElo "2220"]
[BlackElo "2118"]
[PlyCount "71"]
[EventDate "2009.10.09"]
[EventType "swiss"]
[EventRounds "7"]
[EventCountry "BRA"]
[SourceTitle "EXT 2010"]
[Source "ChessBase"]
[SourceDate "2010.11.25"]
[SourceVersion "1"]
[SourceVersionDate "2010.11.25"]
[SourceQuality "1"]

1. e4 e6 2. d4 d5 3. Nc3 Bb4 4. e5 Qd7 5. a3 Bxc3+ 6. bxc3 b6 7. Nf3 Ba6 8.
Bxa6 Nxa6 9. O-O Ne7 10. a4 Nb8 11. Qd3 Nbc6 12. Nd2 O-O 13. f4 f6 14. exf6
Rxf6 15. Nf3 Ng6 16. g3 Na5 17. Nd2 c5 18. dxc5 bxc5 19. Qa6 Nb7 20. Rb1 Nd6
21. Ba3 Rc8 22. a5 Rc6 23. Qd3 c4 24. Qe2 Qc7 25. Bb4 Nb5 26. Nf3 Nd6 27. Nd4
Ne4 28. Nxc6 Qxc6 29. Qe3 Qc7 30. a6 Rf7 31. Qd4 Qc6 32. Ba3 h5 33. Rb8+ Kh7
34. Qd1 Rf8 35. g4 hxg4 36. Qxg4 0-1

[Event "Petrolina op"]
[Site "Petrolina"]
[Date "2009.10.12"]
[Round "7"]
[White "Vescovi, Giovanni P"]
[Black "Barbosa, Eugenio Seve de Me"]
[Result "1-0"]
[WhiteElo "2636"]
[BlackElo "2118"]
[PlyCount "51"]
[EventDate "2009.10.09"]
[EventType "swiss"]
[EventRounds "7"]
[EventCountry "BRA"]
[SourceTitle "EXT 2010"]
[Source "ChessBase"]
[SourceDate "2010.11.25"]
[SourceVersion "1"]
[SourceVersionDate "2010.11.25"]
[SourceQuality "1"]

1. d4 Nf6 2. c4 g6 3. Nc3 d5 4. cxd5 Nxd5 5. e4 Nxc3 6. bxc3 Bg7 7. Bc4 c5 8.
Ne2 Nc6 9. Be3 O-O 10. O-O Bd7 11. Rc1 Na5 12. Bd3 c4 13. Bb1 b6 14. Qd2 e5 15.
Bh6 exd4 16. Bxg7 Kxg7 17. cxd4 b5 18. d5 Nb7 19. e5 Kg8 20. Ng3 f6 21. f4 fxe5
22. fxe5 Qb6+ 23. Kh1 Rxf1+ 24. Rxf1 Rf8 25. Rxf8+ Kxf8 26. Qh6+ 1-0

[Event "BRA-ch sf"]
[Site "Vitoria"]
[Date "2009.10.30"]
[Round "1"]
[White "Lage, Sergio Correa Magal"]
[Black "Barbosa, Evandro Amorim"]
[Result "0-1"]
[WhiteElo "1992"]
[BlackElo "2293"]
[PlyCount "54"]
[EventDate "2009.10.30"]
[EventType "swiss"]
[EventRounds "7"]
[EventCountry "BRA"]
[SourceTitle "EXT 2010"]
[Source "ChessBase"]
[SourceDate "2010.11.25"]
[SourceVersion "1"]
[SourceVersionDate "2010.11.25"]
[SourceQuality "1"]

1. d4 Nf6 2. Bf4 g6 3. Nf3 Bg7 4. e3 d6 5. Be2 Nh5 6. Bg5 h6 7. Bh4 g5 8. Ng1
Nf6 9. Bg3 Ne4 10. Nd2 Nxg3 11. hxg3 c5 12. c3 Nc6 13. Qb3 Qc7 14. Ngf3 Bd7 15.
d5 Na5 16. Qc2 b5 17. Rc1 Nb7 18. e4 a5 19. a3 Qb6 20. O-O O-O 21. Nh2 f5 22.
exf5 Bxf5 23. Bd3 Bxd3 24. Qxd3 c4 25. Qe2 Nc5 26. Rc2 Qb7 27. b4 cxb3 0-1

[Event "BRA-ch sf"]
[Site "Vitoria"]
[Date "2009.10.31"]
[Round "2"]
[White "Barbosa, Evandro Amorim"]
[Black "Azevedo Junior, Jose Ferreira"]
[Result "1-0"]
[WhiteElo "2293"]
[BlackElo "2144"]
[PlyCount "127"]
[EventDate "2009.10.30"]
[EventType "swiss"]
[EventRounds "7"]
[EventCountry "BRA"]
[SourceTitle "EXT 2010"]
[Source "ChessBase"]
[SourceDate "2010.11.25"]
[SourceVersion "1"]
[SourceVersionDate "2010.11.25"]
[SourceQuality "1"]

1. e4 g6 2. d4 Bg7 3. Nc3 d6 4. Be3 Nd7 5. Nf3 e5 6. dxe5 Nxe5 7. Nxe5 Bxe5 8.
Qd2 Be6 9. Bd3 Ne7 10. O-O Bg7 11. Rae1 O-O 12. Bg5 f6 13. Bh4 Qd7 14. f4 Rae8
15. Qf2 g5 16. f5 Bf7 17. Bg3 a6 18. Qd2 Nc6 19. Rd1 Re7 20. Be2 Rfe8 21. Bf3
b5 22. Nd5 Bxd5 23. Qxd5+ Kh8 24. Rfe1 Ne5 25. Bh5 Rb8 26. c3 b4 27. cxb4 Qb5
28. a3 Nc4 29. Re2 Bh6 30. Qd4 Kg7 31. Rc2 Ne5 32. Be2 Qa4 33. Qc3 Rb6 34. Bc4
g4 35. Bf2 Rb8 36. Ra1 Rbe8 37. Bd5 Bg5 38. Bd4 c6 39. Be6 Rc7 40. Bb6 Rb7 41.
Bf2 h5 42. Bd4 Rc7 43. Rd1 Qb5 44. Be3 Bxe3+ 45. Qxe3 Rd8 46. Rcd2 Nc4 47. Bxc4
Qxc4 48. Rxd6 Rxd6 49. Rxd6 Re7 50. Qc3 Qf7 51. Qd4 Rc7 52. e5 Qa2 53. Rxf6
Qb1+ 54. Kf2 Qc2+ 55. Kg3 Qe2 56. Rg6+ Kh7 57. e6 Qe1+ 58. Kf4 Qc1+ 59. Ke5 c5
60. Qf4 Qxf4+ 61. Kxf4 cxb4 62. axb4 Rb7 63. Kg5 Rxb4 64. e7 1-0

[Event "BRA-ch sf"]
[Site "Vitoria"]
[Date "2009.11.01"]
[Round "4"]
[White "Barbosa, Evandro Amorim"]
[Black "Salles, Leandro Luiz Krause"]
[Result "1/2-1/2"]
[WhiteElo "2293"]
[BlackElo "2198"]
[PlyCount "68"]
[EventDate "2009.10.30"]
[EventType "swiss"]
[EventRounds "7"]
[EventCountry "BRA"]
[SourceTitle "EXT 2010"]
[Source "ChessBase"]
[SourceDate "2010.11.25"]
[SourceVersion "1"]
[SourceVersionDate "2010.11.25"]
[SourceQuality "1"]

1. e4 e5 2. Nf3 Nc6 3. Bb5 a6 4. Ba4 Nf6 5. O-O Be7 6. Re1 d6 7. Bxc6+ bxc6 8.
d4 exd4 9. Nxd4 Bd7 10. Nc3 c5 11. Nf3 O-O 12. e5 Ng4 13. Bf4 Bc6 14. Ne4 f5
15. exf6 Nxf6 16. Neg5 Qd7 17. Qd3 Rab8 18. Re6 c4 19. Qe2 Nd5 20. Qe4 Bxg5 21.
Nxg5 Nf6 22. Qe2 h6 23. Re7 Qg4 24. Qxg4 Nxg4 25. Ne6 Rf7 26. Rxf7 Kxf7 27. Nd4
Bd7 28. b3 cxb3 29. axb3 Ra8 30. f3 Nf6 31. Kf2 a5 32. Ne2 Nd5 33. Bd2 a4 34.
Nc3 Nxc3 1/2-1/2

[Event "BRA-ch sf"]
[Site "Vitoria"]
[Date "2009.11.01"]
[Round "5"]
[White "Mascarenhas, Alberto Pinheiro"]
[Black "Barbosa, Evandro Amorim"]
[Result "1-0"]
[WhiteElo "2206"]
[BlackElo "2293"]
[PlyCount "115"]
[EventDate "2009.10.30"]
[EventType "swiss"]
[EventRounds "7"]
[EventCountry "BRA"]
[SourceTitle "EXT 2010"]
[Source "ChessBase"]
[SourceDate "2010.11.25"]
[SourceVersion "1"]
[SourceVersionDate "2010.11.25"]
[SourceQuality "1"]

1. d4 Nf6 2. c4 g6 3. Nc3 Bg7 4. e4 d6 5. Be2 O-O 6. Nf3 e5 7. O-O Nc6 8. d5
Ne7 9. b4 Nh5 10. Re1 f5 11. Ng5 Nf6 12. f3 Kh8 13. c5 h6 14. Ne6 Bxe6 15. dxe6
d5 16. exd5 Nfxd5 17. Nxd5 Qxd5 18. Bb2 Qxe6 19. Qc1 Nd5 20. Bc4 Rad8 21. Re2
Rfe8 22. a3 c6 23. Qc2 Qe7 24. Rae1 Qc7 25. Qc1 Rd7 26. Rxe5 Bxe5 27. Qxh6+ Kg8
28. Qxg6+ Kf8 29. Qxe8+ Kxe8 30. Bxe5 Qc8 31. Bd6+ Kf7 32. Re5 Kf6 33. Bd3 Rg7
34. Rxf5+ Qxf5 35. Bxf5 Kxf5 36. g4+ Ke6 37. Kf2 Nc7 38. h4 Nb5 39. Bf4 Nxa3
40. h5 Nc2 41. Bd2 Nd4 42. h6 Rh7 43. f4 Kf7 44. f5 Nb3 45. Be3 Kf6 46. Kf3 Ke5
47. Bf4+ Kf6 48. Be3 Rd7 49. Ke4 Nd2+ 50. Kf4 Nc4 51. g5+ Kf7 52. g6+ Kg8 53.
f6 Nxe3 54. Kxe3 b6 55. b5 bxc5 56. bxc6 Rc7 57. f7+ Kf8 58. h7 1-0

[Event "BRA-ch sf"]
[Site "Vitoria"]
[Date "2009.11.02"]
[Round "6"]
[White "Barbosa, Evandro Amorim"]
[Black "Guimaraes, Diogo Duarte"]
[Result "1-0"]
[WhiteElo "2293"]
[BlackElo "2179"]
[PlyCount "105"]
[EventDate "2009.10.30"]
[EventType "swiss"]
[EventRounds "7"]
[EventCountry "BRA"]
[SourceTitle "EXT 2010"]
[Source "ChessBase"]
[SourceDate "2010.11.25"]
[SourceVersion "1"]
[SourceVersionDate "2010.11.25"]
[SourceQuality "1"]

1. e4 e5 2. Nf3 Nf6 3. d4 Nxe4 4. Bd3 d5 5. dxe5 Nc5 6. O-O Be7 7. Nc3 Be6 8.
Nd4 Nxd3 9. Qxd3 c5 10. Nxe6 fxe6 11. Ne2 Nc6 12. Nf4 Qd7 13. Re1 O-O-O 14. c4
g5 15. Nh5 Nb4 16. Qe2 d4 17. Rd1 Rhf8 18. Qe4 Qe8 19. Nf6 Bxf6 20. exf6 h6 21.
Qe5 Nc6 22. Qxc5 Rxf6 23. Bd2 Qf8 24. Qxf8 Rdxf8 25. Be1 a6 26. b4 e5 27. a4 e4
28. b5 e3 29. Ra2 exf2+ 30. Rxf2 Rxf2 31. Bxf2 Nb4 32. Rxd4 Rd8 33. Kf1 Re8 34.
Rd6 h5 35. Bc5 Nc2 36. Rd5 g4 37. Rxh5 Ne3+ 38. Bxe3 Rxe3 39. Kf2 Ra3 40. bxa6
bxa6 41. a5 Rc3 42. c5 Ra3 43. c6 Rc3 44. Rg5 Ra3 45. Rxg4 Rxa5 46. Rc4 Ra2+
47. Kg3 Kc7 48. h4 a5 49. h5 Rd2 50. h6 Rd6 51. h7 Rd8 52. Rh4 Rh8 53. Kg4 1-0

[Event "BRA-ch sf"]
[Site "Vitoria"]
[Date "2009.11.02"]
[Round "7"]
[White "Macedo, Alexandre Ricardo"]
[Black "Barbosa, Evandro Amorim"]
[Result "0-1"]
[WhiteElo "1980"]
[BlackElo "2293"]
[PlyCount "72"]
[EventDate "2009.10.30"]
[EventType "swiss"]
[EventRounds "7"]
[EventCountry "BRA"]
[SourceTitle "EXT 2010"]
[Source "ChessBase"]
[SourceDate "2010.11.25"]
[SourceVersion "1"]
[SourceVersionDate "2010.11.25"]
[SourceQuality "1"]

1. Nf3 g6 2. g3 Bg7 3. Bg2 d6 4. c4 e5 5. d3 Nc6 6. Nc3 f5 7. Bg5 Nf6 8. Nd5
O-O 9. O-O Be6 10. Nxf6+ Bxf6 11. Bh6 Bg7 12. Qd2 Qd7 13. Bxg7 Kxg7 14. Ng5 Bg8
15. Bd5 h6 16. Bxg8 Rxg8 17. Nf3 Raf8 18. b4 f4 19. b5 Ne7 20. Qc3 Kh7 21. Kg2
g5 22. Nd2 Nf5 23. Ne4 Nd4 24. Qd2 Nxe2 25. f3 Nd4 26. g4 h5 27. h3 Kg6 28. Kf2
hxg4 29. hxg4 Rh8 30. Rh1 Rh7 31. Rag1 Rfh8 32. Qd1 Rh2+ 33. Rxh2 Rxh2+ 34. Rg2
Rh3 35. Nd2 Qh7 36. Qe1 Qh4+ 0-1

[Event "Joao Pessoa Fischer Memorial 2nd"]
[Site "Joao Pessoa"]
[Date "2010.01.22"]
[Round "2"]
[White "Barbosa, Eugenio Seve de Me"]
[Black "Melo, Alberto Vieira"]
[Result "1/2-1/2"]
[WhiteElo "2109"]
[BlackElo "1935"]
[PlyCount "56"]
[EventDate "2010.01.22"]
[EventType "swiss"]
[EventRounds "6"]
[EventCountry "BRA"]
[SourceTitle "EXT 2011"]
[Source "ChessBase"]
[SourceDate "2010.11.26"]
[SourceVersion "1"]
[SourceVersionDate "2010.11.26"]
[SourceQuality "1"]

1. d4 Nf6 2. c4 c5 3. d5 b5 4. cxb5 a6 5. bxa6 g6 6. Nc3 Bxa6 7. Nf3 Bg7 8. g3
O-O 9. Bg2 d6 10. O-O Nbd7 11. h3 Qc7 12. Re1 Rfb8 13. e4 Ne8 14. Qc2 c4 15.
Be3 Nc5 16. Bxc5 Qxc5 17. e5 Ra7 18. exd6 Nxd6 19. Ne5 Bxe5 20. Rxe5 Bc8 21. g4
Rab7 22. Rb1 Qd4 23. Qe2 Rxb2 24. Rxb2 Rxb2 25. Qxb2 Qxe5 26. a4 h5 27. gxh5
Qe1+ 28. Kh2 Qe5+ 1/2-1/2

[Event "Joao Pessoa Fischer Memorial 2nd"]
[Site "Joao Pessoa"]
[Date "2010.01.24"]
[Round "5"]
[White "Barbosa, Eugenio Seve de Me"]
[Black "Melo, Fernando Antonio Al"]
[Result "1/2-1/2"]
[WhiteElo "2109"]
[BlackElo "1847"]
[PlyCount "68"]
[EventDate "2010.01.22"]
[EventType "swiss"]
[EventRounds "6"]
[EventCountry "BRA"]
[SourceTitle "EXT 2011"]
[Source "ChessBase"]
[SourceDate "2010.11.26"]
[SourceVersion "1"]
[SourceVersionDate "2010.11.26"]
[SourceQuality "1"]

1. d4 d6 2. c4 Nf6 3. Nc3 g6 4. Nf3 Bg7 5. g3 O-O 6. Bg2 c6 7. O-O Nbd7 8. h3
e5 9. e4 exd4 10. Nxd4 Re8 11. Be3 Nc5 12. Qc2 Qe7 13. Rfe1 Be6 14. b3 Qd7 15.
Kh2 h6 16. Red1 Qc7 17. f4 Bd7 18. Bf2 Rad8 19. b4 Ne6 20. Nb3 Nf8 21. c5 dxc5
22. Bxc5 Be6 23. e5 Nd5 24. Bd6 Qc8 25. Nxd5 cxd5 26. Qd2 b6 27. Rac1 Qa8 28.
Nd4 Rc8 29. Nb5 Rxc1 30. Rxc1 Rc8 31. Nc7 Qb7 32. Nxd5 Bxd5 33. Bxd5 Qd7 34.
Rxc8 Qxc8 1/2-1/2